AH International Schools' Libraries

Last tree in the city / (Record no. 49024)

MARC details
000 -LEADER
fixed length control field 00379nam a22001217a 4500
008 - FIXED-LENGTH DATA ELEMENTS--GENERAL INFORMATION
fixed length control field 250722b |||||||| |||| 00| 0 eng d
020 ## - INTERNATIONAL STANDARD BOOK NUMBER
International Standard Book Number 9781912076499
100 ## - MAIN ENTRY--PERSONAL NAME
Personal name Peter Carnavas (Author)
9 (RLIN) 85639
245 ## - TITLE STATEMENT
Title Last tree in the city /
Statement of responsibility, etc Peter Carnavas
260 ## - PUBLICATION, DISTRIBUTION, ETC. (IMPRINT)
Place of publication, distribution, etc UK
Name of publisher, distributor, etc New Frontier Publishing
Date of publication, distribution, etc 2018
300 ## - PHYSICAL DESCRIPTION
Extent 32 pages
Other physical details col. ill.
Dimensions 9.41 x 0.2 x 9.41 inches
942 ## - ADDED ENTRY ELEMENTS (KOHA)
Source of classification or shelving scheme
Koha item type Book
Holdings
Withdrawn status Lost status Source of classification or shelving scheme Damaged status Not for loan Collection code Home library Current library Shelving location Date acquired Full call number Barcode Date last seen Price effective from Koha item type
          Siem Riep Asian Hope Siem Reap Asian Hope Siem Reap Easy Reading 07/22/2025 E CAR 209019 07/22/2025 07/22/2025 Book

For any Logos Library related questions please contact Miss Art at swongnarasuk@asianhope.org.

For any Asian Hope Library related questions please contact Miss Raza at graza@asianhope.org.

Click here to explore our ebooks!

Powered by Koha